| 000 | 00738cam a2200265 a 4500 | ||
|---|---|---|---|
| 001 | 59699 | ||
| 003 | CO-BoRNBP | ||
| 005 | 20251029165925.0 | ||
| 007 | ta | ||
| 008 | 040511s2004 ck g 000 pdspa u | ||
| 040 |
_aCO-BoBN _bspa _cCO-BoBN |
||
| 043 |
_as-ck _bs-ck-bb |
||
| 082 | 0 | 4 |
_a811.44 _220 |
| 084 | _aO837m | ||
| 100 | 1 |
_aOsorio, Amparo Inés, _d1951- _966379 |
|
| 245 | 1 | 0 |
_aMemoria absuelta / _cAmparo Osorio |
| 250 | _a1a. edición | ||
| 300 |
_a34 p. ; _c22 cm |
||
| 336 |
_2rdacontent _atexto _btxt |
||
| 337 |
_2rdamedia _asin mediación _bn |
||
| 338 |
_2rdacarrier _avolumen _bnc |
||
| 500 | _aIncluye datos biográficos a final del texto. | ||
| 650 | 1 | 9 |
_aPoesía colombiana _xSiglo XX _2LEMB _966380 |
| 942 |
_2ddc _cBK |
||
| 999 |
_c59699 _d59699 |
||